Statistics for Modern-Day Countries of the Republic of Venice in 1500 with a Map

Click here to take the quiz!

General Stats

  • This quiz has been taken 202 times
  • The average score is 8 of 8

Answers on the Map

Answers color-coded by a green-red scale on the quiz's map according to % correct below.
Loading ...
 

Answer Stats

Countries% Correct
Croatia
100%
Greece
100%
Italy
100%
Cyprus
99%
Slovenia
99%
Albania
98%
Montenegro
98%
Austria
97%

Score Distribution

Percentile by Number Answered

Percent of People with Each Score

Your Score History

You have not taken this quiz